Statystyki dla Strzelcy Premier League w klubach 2011/12

Kliknij tutaj aby rozwiązać quiz!

Ogólne statystyki

  • Ten quiz został rozwiązany 11 razy
  • Średni wynik to 8 z 20

Statystyki odpowiedzi

KlubNarodowość#Nazwisko% Poprawnych
ChelseaAnglia11Frank Lampard/Daniel Sturridge
100%
ArsenalHolandia30Robin van Persie
100%
Manchester CityArgentyna23Sergio Agüero
100%
Manchester UnitedAnglia27Wayne Rooney
100%
LiverpoolUrugwaj11Luis Suárez
90%
Tottenham HotspurTogo17Emmanuel Adebayor
80%
FulhamUSA17Clint Dempsey
60%
Stoke CityAnglia10Peter Crouch
50%
Aston VillaAnglia9Darren Bent
40%
Newcastle UnitedSenegal16Demba Ba
40%
Bolton WanderersChorwacja8Ivan Klasnić
20%
SunderlandDania8Nicklas Bendtner
20%
EvertonChorwacja9Nikica Jelavić
20%
Wigan AthleticArgentyna7Franco Di Santo
10%
Blackburn RoversNigeria17Yakubu Aiyegbeni
10%
Swansea CityAnglia12Danny Graham
0%
Queens Park RangersIslandia8Heiðar Helguson
0%
West Bromwich AlbionNigeria10Peter Odemwingie
0%
Norwich CityWalia9Steve Morison
0%
Wolverhampton WanderersSzkocja12Steven Fletcher
0%

Rozkład punktacji

Percentyl według liczby udzielonych odpowiedzi

Procent ludzi z każdym wynikiem

Twoja historia wyników

Nie rozwiązałeś tego quizu